Azeri Cities Map Quiz - Statistics

General Stats
  • This quiz has been taken 62 times
  • The average score is 7 of 14
Answers on the Map
Answers color-coded by a green-red scale on the quiz's map according to % correct below.
 
Answer Stats
Answer % Correct
Baku
92%
Ganja
83%
Tabriz
81%
Nakhchivan
79%
Ardabil
75%
Zanjan
74%
Urmia
70%
Sumgait
51%
Mingachevir
25%
Ahar
13%
Maragheh
13%
Marand
13%
Khoy
8%
Qushachay
8%
No matching quizzes found
Score Distribution
Percent of People with Each Score
Percentile by Number Answered
Your Score History
You have not taken this quiz